LIBRARY ONLINE CATALOGUE

Gordis Epidemiology (Record no. 18465)

MARC details
000 -LEADER
fixed length control field 00413nam a22001577a 4500
008 - FIXED-LENGTH DATA ELEMENTS--GENERAL INFORMATION
fixed length control field 200812b xxu||||| |||| 00| 0 eng d
020 ## - INTERNATIONAL STANDARD BOOK NUMBER
International Standard Book Number 0323552295
050 ## - LIBRARY OF CONGRESS CALL NUMBER
Classification number RA651
Item number .C45 2019 c.1
100 ## - MAIN ENTRY--PERSONAL NAME
Personal name Celentano, David D.
245 ## - TITLE STATEMENT
Title Gordis Epidemiology
Statement of responsibility, etc. David D. Celentano
250 ## - EDITION STATEMENT
Edition statement 6th ed.
260 ## - PUBLICATION, DISTRIBUTION, ETC. (IMPRINT)
Place of publication, distribution, etc. Philadelphia
Name of publisher, distributor, etc. Elsevier
Date of publication, distribution, etc. 2019
300 ## - PHYSICAL DESCRIPTION
Extent xi, 420p.
700 ## - ADDED ENTRY--PERSONAL NAME
Personal name Moyses Szklo
942 ## - ADDED ENTRY ELEMENTS (KOHA)
Source of classification or shelving scheme Library of Congress Classification
Koha item type General Collection
Holdings
Withdrawn status Lost status Source of classification or shelving scheme Not for loan Home library Current library Date acquired Cost, normal purchase price Total Checkouts Full call number Barcode Date last seen Date last checked out Price effective from Koha item type Total Renewals
    Library of Congress Classification   Kabarak, Main Campus Kabarak, Main Campus 12/08/2020 4216.00 1 RA651 .C45 2019 c.1 028957 20/01/2021 04/01/2021 12/08/2020 General Collection  
    Library of Congress Classification   Kabarak, Main Campus Kabarak, Main Campus 12/08/2020 4216.00 4 RA651 .C45 2019 c.2 028958 18/05/2022 16/05/2022 12/08/2020 General Collection  
    Library of Congress Classification   Kabarak, Main Campus Kabarak, Main Campus 12/08/2020 4216.00 4 RA651 .C45 2019 c.3 028959 23/01/2025 21/11/2024 12/08/2020 General Collection 3
    Library of Congress Classification   Kabarak, Main Campus Kabarak, Main Campus 12/08/2020 4464.00 4 RA651 .C45 2019 c.4 030657 27/03/2025 23/01/2025 12/08/2020 General Collection 1
    Library of Congress Classification   Kabarak, Main Campus Kabarak, Main Campus 12/08/2020 4464.00 1 RA651 .C45 2019 c.5 030658 11/01/2023 08/09/2022 12/08/2020 General Collection  
    Library of Congress Classification   Kabarak, Main Campus Kabarak, Main Campus 08/07/2021 4464.00 5 RA651 .C45 2019 c.6 030659 10/04/2026 31/03/2026 08/07/2021 General Collection